[Event "Miedzyzdroje OB Seniors 24th"]
[Site "Miedzyzdroje"]
[Date "2016.06.19"]
[Round "3"]
[White "Koehler, Horst"]
[Black "Triegel, Rudi"]
[Result "0-1"]
[WhiteElo "1393"]
[BlackElo "1687"]
[PlyCount "60"]
[EventDate "2016.06.17"]
[EventType "swiss"]
[EventRounds "9"]
[EventCountry "POL"]
[SourceTitle "EXT 2019"]
[Source "ChessBase"]
[SourceDate "2018.10.10"]
[SourceVersion "1"]
[SourceVersionDate "2018.10.10"]
[SourceQuality "1"]

1. d4 d5 2. Nf3 Nf6 3. e3 Bg4 4. Bd3 e6 5. Nbd2 Bb4 6. c3 Bd6 7. h3 Bh5 8. Qc2 Bg6 9. e4 dxe4 10. Nxe4 Be7 11. Bf4 Nbd7 12. Nxf6+ Bxf6 13. 0-0 Bxd3 14. Qxd3 0-0 15. Rad1 c6 16. Rfe1 Re8 17. Ne5 Bxe5 18. Bxe5 Nxe5 19. Rxe5 Qb6 20. Qc2 Rad8 21. Rh5 g6 22. Re5 Rd7 23. Rde1 Red8 24. b4 Rd6 25. a4 Qc7 26. Qc1 b6 27. Qg5 Kg7 28. Qg4 Rd5 29. Rxd5 Rxd5 30. Qe2 a5 0-1